banner koha

Lei das cooperativas. Texto do decreto-lei no. 5.893, de 19 de outubro de 1943, que dispoe sobre a organizacao, funcionamento e fiscalizacao das cooperativas, alterado pelo decreto-lei no. 6.274, de 14 de fevereiro de 1944 [Brasil] (Registro n. 260536)

MARC details
000 -LÍDER
campo de controle de tamanho fixo 00985nac a22002537a 4500
001 - NÚMERO DE CONTROLE
campo de controle BR4400065
003 - IDENTIFICADOR DO NÚMERO DE CONTROLE
campo de controle BR-BrBNA
005 - DATA E HORÁRIO DA ÚLTIMA TRANSAÇÃO
campo de controle 20240105112833.0
008 - CAMPO DE DADOS FIXOS--INFORMAÇÃO GERAL
campo de controle de tamanho fixo 230509b bl.|||m| |||| 00| 0 por d
040 ## - FONTE DA CATALOGAÇÃO
Instituição da catalogação original BR-BrBNA
Idioma da catalogação por
Instituição que transcreveu o registro Biblioteca Nacional de Agricultura
072 ## - CÓDIGO DE CATEGORIA DE ASSUNTO
Código de Categoria de Assunto D50; E15
090 ## - NÚMERO DE CHAMADA LOCAL
Número de chamada D50 BR4400065
110 1# - ENTRADA PRINCIPAL--NOME CORPORATIVO
Nome corporativo ou nome da jurisdição Servico de Informacao Agricola, Rio de Janeiro, GB (Brasil)
245 1# - TÍTULO
Título Lei das cooperativas. Texto do decreto-lei no. 5.893, de 19 de outubro de 1943, que dispoe sobre a organizacao, funcionamento e fiscalizacao das cooperativas, alterado pelo decreto-lei no. 6.274, de 14 de fevereiro de 1944 [Brasil]
260 3# - PUBLICAÇÃO, DISTRIBUIÇÃO, ETC.
Local de publicação, distribuição, etc. Rio de Janeiro, GB (Brasil):
Data da publicação, distribuição, etc. 1944.
300 ## - DESCRIÇÃO FÍSICA
Extensão 43 p.
490 ## - TÍTULO DA SÉRIE
Título da série SIA (Brazil)
Número do volume ou designação sequencial da série no. 115
ISSN - International Standard Serial Number
500 ## - NOTA GERAL
Nota geral (*) Documento disponível na(o) INCRA, Brasilia, DF (Brazil)
650 ## - ASSUNTO--TERMO TÓPICO
Cabeçalho tópico ou nome geográfico Microeconomia
650 ## - ASSUNTO--TERMO TÓPICO
Cabeçalho tópico ou nome geográfico Legislacao
650 ## - ASSUNTO--TERMO TÓPICO
Cabeçalho tópico ou nome geográfico Cooperativa
909 ## -
-- 202312
-- Lúcia Elande
-- 55
-- Lúcia Elande
942 ## - ELEMENTOS DE ENTRADA ADICIONADOS (KOHA)
Fonte da classificação ou esquema de arquivamento na estante Classificação AGRIS
Ocultar no OPAC Não
Tipo de material Koha Monografia Seriada
Exemplares
Situação do descarte Fonte da classificação ou esquema de arquivamento na estante Situação física Não pode ser emprestado Coleção Biblioteca de origem Biblioteca atual Localização na estante Total de empréstimos Data de último acesso Tipo de material Koha Nota pública Fonte de aquisição
  Classificação AGRIS   INDISPONÍVEL   Biblioteca Nacional de Agricultura - Binagri Biblioteca Nacional de Agricultura - Binagri Agrobase - Acervo Geral   18/12/2023 Monografia Seriada (*) Documento disponível na(o) INCRA, Brasilia, DF (Brazil) Portaria Interministerial nº 164/94

BINAGRI

Telefone: (61)3218-2567/2388/3357/2097 - binagri@agro.gov.br

Ministério da Agricultura e Pecuária , Esplanada dos Ministérios, Bloco D, Anexo B, Brasília/DF, CEP: 70.043-900